Europe Capitals - Statistics

General Stats
  • This quiz has been taken 12 times
  • The average score is 17 of 48
Answers on the Map
Answers color-coded by a green-red scale on the quiz's map according to % correct below.
 
Answer Stats
Answer % Correct
Andorra la Vella
63%
Berlin
63%
Brussels
63%
Dublin
63%
London
63%
Paris
63%
Amsterdam
50%
Athens
50%
Helsinki
50%
Lisbon
50%
Luxembourg city
50%
Madrid
50%
Minsk
50%
Moscow
50%
Reykjavik
50%
San Marino
50%
Tirana
50%
Bern
38%
Copenhagen
38%
Kiev
38%
Monaco
38%
Oslo
38%
Prague
38%
Rome
38%
Stockholm
38%
Tallinn
38%
Valletta
38%
Vatican City
38%
Vienna
38%
Warsaw
38%
Bratislava
25%
Bucharest
25%
Budapest
25%
Chisinau
25%
Ljubljana
25%
Riga
25%
Sarajevo
25%
Sofia
25%
Vaduz
25%
Belgrade
13%
Podgorica
13%
Prístina
13%
Skopje
13%
Vilnius
13%
Zagreb
13%
Ankara
0%
Nicosia
0%
Tbilisi
0%
No matching quizzes found
Score Distribution
Percent of People with Each Score
Percentile by Number Answered
Your Score History
You have not taken this quiz